00632nam a2200229 a 4500001001300000003000900013005001700022008004100039020001100080082001500091100002200106245001800128260004100146300000900187500003500196505001200231650002000243902000800263942000700271952011100278999001300389nice12345678IN_TiNIC20260116011354.0050524s1964 deoa grp 000 0 eng  ac3.2500a297.2bABD aAbdul Haq, Shaikh aImaan Kya Hai aDeobandbMaktaba Nidaa-I-Quranc1964 a260p aincludes index and biblioraphy2 aIndexes aIslam-Doctrines bSRS cBK 001040708StackRoom-aHMIbHMId2007-07-03g3.25l0o297.2 ABDp02915r2007-07-03v3.25w2005-05-24yBK c955d955